Primeira aventura no mundo das palavras (Registo nº 28438)
[ vista simples ]
| 000 -Etiqueta do registo | |
|---|---|
| Valores | 00588nam a22002051i 4500 |
| 090 ## - | |
| -- | 28438 |
| 100 ## - Dados gerais de processamento | |
| Dados gerais | 20071001d1969 c y0pory500305 ba |
| 101 0# - Língua de publicação | |
| -- | por |
| 102 ## - País de publicação | |
| -- | PT |
| 200 1# - Titulo e menção de responsabilidade | |
| Título próprio | Primeira aventura no mundo das palavras |
| Primeira menção de responsabilidade | Texto de Maria Isabel de Mendonça Soares |
| Outras menções de responsabilidade | Ilustrações de J. P. Miller |
| 210 ## - Publicação | |
| Local de publicação | Lisboa |
| Nome do editor | Verbo |
| Data de publicação | [D.L. 1969] |
| 215 ## - Descrição física | |
| Paginação / Volumes | 62 p. |
| Outras indicações físicas | il. |
| Dimensões | 20 x 27 cm |
| 700 #1 - Autor principal (pessoa individual) | |
| Apelido | Soares, |
| Nome | Maria Isabel de Mendonça, |
| Datas | 1922- |
| 702 #1 - Autor secundário (pessoa individual) | |
| Apelido | Miller, |
| Nome | J. P. |
| -- | 440 |
| 801 #0 - Fonte de origem | |
| País | PT |
| Agência | BN |
| 801 #1 - Fonte de origem | |
| País | FR |
| Agência | JOUVE |
| 930 ## - | |
| -- | BECRE |
| 990 ## - Elementos KOHA | |
| Tipo de documento | Livro |
| 995 ## - Localização e informação dos exemplares | |
| -- | 18 |
| Situação do levantamento | Estado | Biblioteca de origem | Biblioteca de empréstimo | Código de barras | Cota | Permissão de empréstimo | Tipo de documento |
|---|---|---|---|---|---|---|---|
| Completo | Biblioteca do Centro Escolar de Viana do Alentejo | Biblioteca do Centro Escolar de Viana do Alentejo | 583BV | 087.5 SOA | Disponível | Livro |